[Event "Managua Arellano Memorial"]
[Site "Managua"]
[Date "2023.07.23"]
[Round "2"]
[White "Garcia Montoya, Anderson Steven"]
[Black "Vasquez, Jose Luis"]
[Result "1/2-1/2"]
[WhiteElo "1308"]
[BlackElo "1718"]
[PlyCount "87"]
[EventDate "2023.07.22"]
[EventType "swiss"]
[EventRounds "9"]
[EventCountry "NCA"]
[SourceTitle "EXT 2024"]
[Source "ChessBase"]
[SourceDate "2023.10.10"]
[SourceVersion "1"]
[SourceVersionDate "2023.10.10"]
[SourceQuality "1"]

1. d4 d5 2. Bf4 e6 3. e3 Bd6 4. Bg3 h5 5. Nf3 Nf6 6. Bh4 c6 7. Nbd2 Nbd7 8. e4 dxe4 9. Nxe4 Be7 10. Bxf6 Nxf6 11. Nxf6+ Bxf6 12. c3 0-0 13. Ne5 g6 14. Bd3 Bxe5 15. dxe5 Qg5 16. Qe2 Rd8 17. 0-0 Bd7 18. f4 Qe7 19. Rf3 h4 20. Rh3 Kg7 21. Qg4 Rh8 22. Rf1 Rh5 23. Qd1 Rhh8 24. Kh1 Rad8 25. Qg4 Bc8 26. Qe2 b6 27. Rd1 Bb7 28. Be4 Ba6 29. Bd3 Bb7 30. b3 Qc5 31. Be4 Qf2 32. Qxf2 Rxd1+ 33. Qg1 Rhd8 34. Rd3 R8xd3 35. Bxd3 Rxg1+ 36. Kxg1 c5 37. Kf2 f5 38. exf6+ Kxf6 39. g4 hxg3+ 40. hxg3 g5 41. Ke3 gxf4+ 42. gxf4 e5 43. Be4 Bc8 44. Bd3 1/2-1/2

[Event "Managua Bayardo Muniz Memorial 5th"]
[Site "Managua"]
[Date "2023.03.12"]
[Round "2"]
[White "Quintanilla, Marvin"]
[Black "Vasquez, Jose Luis"]
[Result "1/2-1/2"]
[WhiteElo "1865"]
[BlackElo "1737"]
[PlyCount "74"]
[EventDate "2023.03.10"]
[EventType "tourn"]
[EventRounds "9"]
[EventCountry "NCA"]
[SourceTitle "EXT 2024"]
[Source "ChessBase"]
[SourceDate "2023.10.10"]
[SourceVersion "1"]
[SourceVersionDate "2023.10.10"]
[SourceQuality "1"]

1. c4 c5 2. g3 Nc6 3. Bg2 g6 4. Nc3 Bg7 5. Nf3 e6 6. e3 Nge7 7. 0-0 Nf5 8. Ne1 0-0 9. a3 Rb8 10. Rb1 Na5 11. d3 a6 12. Bd2 b5 13. cxb5 axb5 14. b4 cxb4 15. axb4 Nc6 16. Nc2 d5 17. d4 Qb6 18. Ne1 Nd6 19. Nd3 Nc4 20. Nc5 Rd8 21. Qc1 Bd7 22. Rd1 Be8 23. Be1 Ra8 24. Rb3 Ra7 25. Bf1 Rda8 26. Bd3 Ra1 27. Qxa1 Rxa1 28. Rxa1 Bf8 29. Rbb1 Nb8 30. Ra8 Bc6 31. Raa1 e5 32. Bf1 exd4 33. exd4 Bg7 34. Rd1 Nd6 35. Ra5 Nc4 36. Raa1 Nd6 37. Ra5 Nc4 1/2-1/2

[Event "Managua Gomez Argenal Memorial"]
[Site "Managua"]
[Date "2020.06.13"]
[Round "4"]
[White "Ulloa Diaz, Felipe Josue"]
[Black "Vasquez, Jose Luis"]
[Result "0-1"]
[WhiteElo "1454"]
[BlackElo "1811"]
[PlyCount "92"]
[EventDate "2020.06.06"]
[EventType "swiss"]
[EventRounds "9"]
[EventCountry "NCA"]
[SourceTitle "CBM 197 Extra"]
[Source "ChessBase"]
[SourceDate "2020.09.30"]
[SourceVersion "1"]
[SourceVersionDate "2020.09.30"]
[SourceQuality "1"]

1. e4 c5 2. Nf3 d6 3. Nc3 Nf6 4. Bc4 Nc6 5. d4 cxd4 6. Nxd4 e6 7. Be3 Be7 8. f3 a6 9. Nxc6 bxc6 10. Qd2 0-0 11. g4 d5 12. Be2 e5 13. exd5 cxd5 14. Bg5 d4 15. Bxf6 Bxf6 16. Ne4 Bh4+ 17. Ng3 Rb8 18. b3 Bg5 19. Qd3 Be3 20. Nf5 Bxf5 21. Qxf5 Qa5+ 22. Kf1 Rb6 23. c4 Qa3 24. Qc2 Rfb8 25. Kg2 a5 26. Bd3 a4 27. Rab1 axb3 28. axb3 Rxb3 29. Rxb3 Qxb3 30. Qxb3 Rxb3 31. Rb1 Rxb1 32. Bxb1 Kf8 33. h4 h5 34. Kf1 Ke7 35. Ke2 Kd6 36. Be4 f6 37. Bd5 Ke7 38. c5 Bf4 39. Kd3 Bg3 40. Kc4 Bxh4 41. c6 Bg3 42. Be4 Kd8 43. Kb5 Kc7 44. Kc5 h4 45. Kc4 h3 46. Kd3 Bf4 0-1

[Event "NCA-ch sf"]
[Site "Managua"]
[Date "2020.02.08"]
[Round "1"]
[White "Vasquez, Jose Luis"]
[Black "Arevalo Lopez, Josue"]
[Result "0-1"]
[WhiteElo "1808"]
[BlackElo "2006"]
[PlyCount "96"]
[EventDate "2020.02.08"]
[EventType "swiss"]
[EventRounds "9"]
[EventCountry "NCA"]
[SourceTitle "EXT 2021"]
[Source "ChessBase"]
[SourceDate "2020.10.23"]
[SourceVersion "1"]
[SourceVersionDate "2020.10.23"]
[SourceQuality "1"]

1. d4 Nf6 2. Nf3 e6 3. g3 b6 4. Bg2 Bb7 5. c4 Bb4+ 6. Nc3 0-0 7. 0-0 c5 8. Nb5 cxd4 9. Bf4 Na6 10. a3 Be7 11. Qxd4 Bc5 12. Qc3 Ne4 13. Qc2 d5 14. b4 Be7 15. cxd5 exd5 16. Rac1 Bf6 17. Rfd1 Qd7 18. Qxe4 Qxb5 19. Qf5 Rac8 20. e4 Bb2 21. Rxc8 Bxc8 22. Qxd5 Qxd5 23. exd5 Bxa3 24. Ra1 Bxb4 25. d6 Rd8 26. Rd1 Bg4 27. h3 Bxf3 28. Bxf3 Nc5 29. Bg4 Ne4 30. Rd4 Nxf2 31. Kxf2 Bc5 32. Ke3 g5 33. Be5 f6 34. Bxf6 Rxd6 35. Ke4 Rxf6 36. Rd7 a5 37. Ke5 Rf2 38. Bf5 a4 39. Bxh7+ Kf8 40. Bd3 Rd2 41. Ke6 Be7 42. Rxe7 Rxd3 43. Rb7 Rb3 44. h4 gxh4 45. gxh4 Rb5 46. h5 Rxh5 47. Kd6 a3 48. Ra7 Ra5 0-1

[Event "NCA-chT final"]
[Site "Managua"]
[Date "2019.10.27"]
[Round "2.4"]
[White "Sanchez, Ramon"]
[Black "Vasquez, Jose Luis"]
[Result "1-0"]
[WhiteElo "2024"]
[BlackElo "1806"]
[PlyCount "61"]
[EventDate "2019.10.26"]
[EventType "team-tourn"]
[EventRounds "11"]
[EventCountry "NCA"]
[SourceTitle "EXT 2021"]
[Source "ChessBase"]
[SourceDate "2020.10.23"]
[SourceVersion "1"]
[SourceVersionDate "2020.10.23"]
[SourceQuality "1"]
[WhiteTeam "Dominican Power"]
[BlackTeam "Nicaragua CC"]
[WhiteTeamCountry "NCA"]
[BlackTeamCountry "NCA"]

1. e4 c5 2. Nf3 Nc6 3. d4 cxd4 4. Nxd4 g6 5. c4 Bg7 6. Be3 Nf6 7. Nc3 Qa5 8. f3 0-0 9. Be2 a6 10. 0-0 d6 11. a3 Bd7 12. b4 Qc7 13. Rc1 Rfc8 14. Nd5 Qd8 15. Qd2 Nxd5 16. exd5 Nxd4 17. Bxd4 b5 18. c5 Bxd4+ 19. Qxd4 dxc5 20. bxc5 Rc7 21. Qf4 Rac8 22. c6 Be8 23. Rfd1 Ra7 24. h4 Qb6+ 25. Kh1 Qb8 26. Qd4 Ra8 27. h5 Qd6 28. h6 f6 29. Rc3 Qg3 30. f4 e5 31. dxe6 1-0

[Event "Managua Linicad rap op 2nd"]
[Site "Managua"]
[Date "2019.07.07"]
[Round "7"]
[White "Vasquez, Jose Luis"]
[Black "Avalos, Carlos"]
[Result "0-1"]
[WhiteElo "1824"]
[BlackElo "1839"]
[PlyCount "22"]
[EventDate "2019.07.06"]
[EventType "swiss (rapid)"]
[EventRounds "7"]
[EventCountry "NCA"]
[SourceTitle "EXT 2020"]
[Source "ChessBase"]
[SourceDate "2019.10.17"]
[SourceVersion "1"]
[SourceVersionDate "2019.10.17"]
[SourceQuality "1"]

1. e4 d5 2. exd5 Nf6 3. c4 e6 4. d4 exd5 5. Nc3 Bb4 6. g3 Qe7+ 7. Be2 dxc4 8. Nf3 0-0 9. Bg5 Re8 10. 0-0 Bxc3 11. bxc3 Qxe2 0-1

[Event "Managua Linicad rap op 2nd"]
[Site "Managua"]
[Date "2019.07.06"]
[Round "3"]
[White "Garcia, Antonio3333"]
[Black "Vasquez, Jose Luis"]
[Result "1/2-1/2"]
[WhiteElo "1838"]
[BlackElo "1824"]
[PlyCount "71"]
[EventDate "2019.07.06"]
[EventType "swiss (rapid)"]
[EventRounds "7"]
[EventCountry "NCA"]
[SourceTitle "EXT 2020"]
[Source "ChessBase"]
[SourceDate "2019.10.17"]
[SourceVersion "1"]
[SourceVersionDate "2019.10.17"]
[SourceQuality "1"]

1. c4 Nf6 2. Nc3 e6 3. e4 d6 4. d4 Be7 5. Bd3 0-0 6. Be3 c5 7. e5 cxd4 8. Bxd4 dxe5 9. Bxe5 Nc6 10. Bg3 Qb6 11. Qb3 Qxb3 12. axb3 Nd4 13. Nge2 Nxb3 14. Rd1 Bd7 15. Bc2 Na5 16. b3 Bc6 17. 0-0 b6 18. Nd4 Rac8 19. h3 h6 20. Nxc6 Nxc6 21. Ra1 Rfd8 22. Rfd1 Nb4 23. Be4 Nxe4 24. Nxe4 a5 25. Nd6 Rc6 26. Nb5 Rcc8 27. Rxd8+ Rxd8 28. Bc7 Rd3 29. Bxb6 Rxb3 30. Rxa5 Nc6 31. Ra8+ Kh7 32. Bc7 Rb1+ 33. Kh2 Bc5 34. Kg3 Ne7 35. Ra2 Nf5+ 36. Kh2 1/2-1/2

[Event "NCA-ch sf"]
[Site "Managua"]
[Date "2018.02.24"]
[Round "7"]
[White "Vallecillo, Saul"]
[Black "Vasquez, Jose Luis"]
[Result "1/2-1/2"]
[WhiteElo "1783"]
[BlackElo "1831"]
[PlyCount "101"]
[EventDate "2018.02.10"]
[EventType "swiss"]
[EventRounds "9"]
[EventCountry "NCA"]
[SourceTitle "CBM 183 Extra"]
[Source "ChessBase"]
[SourceDate "2018.04.19"]
[SourceVersion "1"]
[SourceVersionDate "2018.04.19"]
[SourceQuality "1"]

1. e4 c5 2. d4 cxd4 3. c3 dxc3 4. Nxc3 g6 5. Bc4 Bg7 6. Nf3 Qc7 7. Qb3 e6 8. Nb5 Qc6 9. Be3 Ne7 10. Nxa7 Qxe4 11. Nxc8 Nxc8 12. Bd3 Qa4 13. Qxb7 0-0 14. 0-0 Nc6 15. Bb5 Nd6 16. Bxa4 Nxb7 17. Bxc6 dxc6 18. Bd4 c5 19. Bxg7 Kxg7 20. Rfd1 Rfd8 21. Rxd8 Rxd8 22. Kf1 Kf6 23. Ke2 Rd5 24. Rc1 Ke7 25. Nd2 f5 26. Nc4 Nd8 27. Nb6 Re5+ 28. Kf1 Nc6 29. Rd1 Nb8 30. Nc8+ Kf6 31. Nb6 Ke7 32. a4 Re4 33. b3 Rd4 34. Rxd4 cxd4 35. Ke2 Kd6 36. Kd3 Kc5 37. Nc4 Nc6 38. f4 Nb4+ 39. Kd2 Kd5 40. Ne5 g5 41. g3 gxf4 42. gxf4 Ke4 43. a5 Kd5 44. Nd3 Na6 45. b4 Kc4 46. h4 h5 47. Kc2 Nc7 48. Kd2 Kb5 49. Kc2 Kc4 50. Kd2 Kb5 51. Kc2 1/2-1/2

[Event "NCA-ch Seniors"]
[Site "Managua"]
[Date "2016.08.06"]
[Round "2"]
[White "Godoy Barbosa, Jaime"]
[Black "Vasquez, Jose Luis"]
[Result "0-1"]
[WhiteElo "1558"]
[BlackElo "1822"]
[PlyCount "79"]
[EventDate "2016.08.06"]
[EventType "swiss"]
[EventRounds "9"]
[EventCountry "NCA"]
[SourceTitle "EXT 2018"]
[Source "ChessBase"]
[SourceDate "2017.10.13"]
[SourceVersion "1"]
[SourceVersionDate "2017.10.13"]
[SourceQuality "1"]

1. e4 e6 2. d4 d5 3. Nd2 dxe4 4. Nxe4 Nf6 5. Nxf6+ gxf6 6. c3 c6 7. Nf3 b6 8. g3 Bb7 9. Bg2 Nd7 10. 0-0 Qc7 11. Re1 0-0-0 12. b4 e5 13. Qa4 Kb8 14. dxe5 Nxe5 15. Bf4 Bd6 16. Nd4 b5 17. Qc2 Nc4 18. Bxd6 Rxd6 19. a4 a6 20. axb5 cxb5 21. Bxb7 Qxb7 22. Qf5 Ne5 23. Qf4 Qc7 24. Re3 Rhd8 25. Qe4 h5 26. Kg2 Qb7 27. Nf5 Rd3 28. Qxb7+ Kxb7 29. Rc1 Rxe3 30. Nxe3 Rd2 31. Rd1 Rxd1 32. Nxd1 Kc6 33. f4 Nc4 34. Kh3 Nd2 35. Nf2 Kd5 36. Nd3 Kc4 37. Nc5 Kxc3 38. Nxa6 Kc4 39. Kh4 Nf3+ 40. Kxh5 0-1

[Event "NCA-ch Seniors"]
[Site "Managua"]
[Date "2016.08.06"]
[Round "3"]
[White "Vasquez, Jose Luis"]
[Black "Granados Lopez, Fidel"]
[Result "1/2-1/2"]
[WhiteElo "1822"]
[BlackElo "1770"]
[PlyCount "62"]
[EventDate "2016.08.06"]
[EventType "swiss"]
[EventRounds "9"]
[EventCountry "NCA"]
[SourceTitle "EXT 2018"]
[Source "ChessBase"]
[SourceDate "2017.10.13"]
[SourceVersion "1"]
[SourceVersionDate "2017.10.13"]
[SourceQuality "1"]

1. e4 e5 2. Nf3 Nc6 3. Bb5 d6 4. 0-0 f5 5. Bxc6+ bxc6 6. exf5 Bxf5 7. d4 e4 8. Nfd2 d5 9. c4 Bd6 10. Nc3 Nf6 11. g3 h5 12. c5 Be7 13. Qe2 h4 14. Nb3 hxg3 15. fxg3 Be6 16. Be3 Qd7 17. Rae1 0-0-0 18. Qa6+ Kb8 19. Na5 Qc8 20. Qxc8+ Kxc8 21. b4 Bd7 22. a4 Kb8 23. b5 cxb5 24. Nxb5 Bh3 25. Rf2 Ng4 26. Rb2 Nxe3 27. Rxe3 Bg5 28. Re1 Rhf8 29. Rf2 Rxf2 30. Kxf2 Rf8+ 31. Kg1 Rf7 1/2-1/2

[Event "Managua Sub zt 2.3"]
[Site "Managua"]
[Date "2014.05.01"]
[Round "6"]
[White "Castillo, Rommel"]
[Black "Vasquez, Jose Luis"]
[Result "1-0"]
[WhiteElo "2049"]
[BlackElo "1855"]
[PlyCount "81"]
[EventDate "2014.04.27"]
[EventType "swiss"]
[EventRounds "9"]
[EventCountry "NCA"]
[SourceTitle "EXT 2015"]
[Source "ChessBase"]
[SourceDate "2014.11.20"]
[SourceVersion "1"]
[SourceVersionDate "2014.11.20"]
[SourceQuality "1"]

1. c4 c5 2. Nc3 Nc6 3. g3 Nf6 4. Bg2 d6 5. d3 g6 6. Bg5 Bg7 7. Qd2 0-0 8. Nf3 Rb8 9. Bh6 Re8 10. Bxg7 Kxg7 11. 0-0 a6 12. d4 cxd4 13. Nxd4 Qc7 14. Rac1 Nxd4 15. Qxd4 Qc5 16. Qd2 Qxc4 17. Nd5 Qxa2 18. Ra1 Qb3 19. Ra3 Qc4 20. Rc1 Qg4 21. h3 Qh5 22. g4 Qh4 23. Nc7 Rf8 24. Re3 Ne8 25. Qd4+ Kg8 26. Nd5 Be6 27. Nf4 Ng7 28. Rc7 Rfc8 29. Rec3 Rxc7 30. Rxc7 Bxg4 31. hxg4 e5 32. Qc4 Rf8 33. Nd5 Ne6 34. Rxb7 Kg7 35. Nc3 Nf4 36. Rd7 h5 37. gxh5 d5 38. hxg6 Nh3+ 39. Kh2 Qxf2 40. Qh4 Qg1+ 41. Kxh3 1-0